| 000 | 00444nam a2200181Ia 4500 | ||
|---|---|---|---|
| 008 | 210210b1927 xxu||||| |||| 00| 0 eng d | ||
| 041 | _aeng | ||
| 082 | _a821/342 | ||
| 100 | _aKIPLING (R) | ||
| 245 | _aRudyard kiplings verse 1885-1926 | ||
| 260 |
_aLondon _bHodder and Stoughton Limited _c1927 |
||
| 650 | _averse | ||
| 650 | _aRudyard | ||
| 650 | _akiplings | ||
| 650 | _a1885-1926 | ||
| 690 | _aEnglish Literature | ||
| 906 | _a011511 | ||
| 999 |
_c130188 _d130188 |
||